Skills for development: the commonwealth fund for technical co-operation (Record no. 76532)

MARC details
000 -LEADER
fixed length control field 00805nam a2200181 a 4500
008 - FIXED-LENGTH DATA ELEMENTS--GENERAL INFORMATION
fixed length control field 110622s1999 ||||||||||||||||| || u
050 ## - LIBRARY OF CONGRESS CALL NUMBER
Classification number COMM(02)
110 ## - MAIN ENTRY--CORPORATE NAME
Corporate name or jurisdiction name as entry element Commonwealth Secretariat
245 10 - TITLE STATEMENT
Title Skills for development: the commonwealth fund for technical co-operation
260 ## - PUBLICATION, DISTRIBUTION, ETC.
Place of publication, distribution, etc. London:
Name of publisher, distributor, etc. Commonwealth Secretariat
Date of publication, distribution, etc. 1999
300 ## - PHYSICAL DESCRIPTION
Extent 36p.
350 ## -
-- 0.00
650 #0 - SUBJECT ADDED ENTRY--TOPICAL TERM
Topical term or geographic name entry element ECONOMICS
650 ## - SUBJECT ADDED ENTRY--TOPICAL TERM
Topical term or geographic name entry element COMMONWEALTH COUNTRIES
650 ## - SUBJECT ADDED ENTRY--TOPICAL TERM
Topical term or geographic name entry element TECHNICAL ASSISTANCE
995 ## -
-- SPECIAL COLLECTIONS
-- 0.00
-- 03007940
-- CBU-MAIN LIBRARY (Kitwe)
-- 1
-- 0.00
-- COMM(02)1999/1A
-- 1
-- AVAILABLE
-- Jun 22, 2011
-- Z03007940
-- International Publications
995 ## -
-- SPECIAL COLLECTIONS
-- 0.00
-- 03007941
-- CBU-MAIN LIBRARY (Kitwe)
-- 1
-- 0.00
-- COMM(02)1999/1B
-- 2
-- AVAILABLE
-- Jun 22, 2011
-- Z03007941
-- International Publications
999 ## -
-- 76532
-- 76532
Holdings
Withdrawn status Lost status Source of classification or shelving scheme Damaged status Not for loan Permanent Location Current Location Shelving location Date acquired Total Checkouts Full call number Barcode Date last seen Copy number Price effective from Koha item type
          CBU-MAIN LIBRARY, KITWE. CBU-MAIN LIBRARY, KITWE.   04/25/2023   COMM(02)1999/1A Z03007940 04/25/2023 1 04/25/2023 SPECIAL COLLECTION
          CBU-MAIN LIBRARY, KITWE. CBU-MAIN LIBRARY, KITWE.   04/25/2023   COMM(02)1999/1B Z03007941 04/25/2023 2 04/25/2023 SPECIAL COLLECTION